000 00583nam a22001697a 4500
003 MACL
005 20160726125159.0
008 160726b xxu||||| |||| 00| 0 eng d
040 _cMACL
041 _aHindi
082 _a320
100 _aसरन, अनिल
_965333
245 _aभारीतय संस्‍कृति : दशा एवं दिशा
_cअनिल सरन
260 _aइलाहाबाद
_bसम्‍पर्क प्रकाशन
_c2012
650 _aभारतीय संस्‍कृति
_965334
942 _2ddc
_cHIN
999 _c54992
_d54992